LEADER 00935nam a2200253 i 4500 001 000000226999 003 CaOOAMICUS 005 20140211000000.0 008 140211s1994 it u000 u ita u 013 $a205901 020 $a88-07-01477-7 040 $aSeMil$bita 100 1 $aAppelfeld, Aharon <1932-2018>.$0(OLS)http://semarc/name/91589 245 13$aIl mio nome è Katerina /$cAharon Appelfeld. 260 $aMilano :$bFeltrinelli,$c1994. 300 $a155 p. ;$c23 cm. 490 0 $aI narratori 830 0$aNarratori.$0(OLS)http://semarc/title/425583 850 $aSeMil 852 $aSeMil$W1$xVenegono$y1$m1V IV 176$j177345$B177345$CSeMilBibl$Z2$F189272 $81 961 $aOmaggio: Ferrario mons. Emilio 996 $6020$a88-07-01477-7$9(OLS)http://semarc/number/228442 996 $6245$aIl mio nome è Katerina$9(OLS)http://semarc/title/324970 996 $6260$aMilano :$bFeltrinelli$9(OLS)http://semarc/publisher/30237 LEADER 01014nam a2200241 i 4500 001 000000046778 003 CaOOAMICUS 005 20120215000000.0 008 120215s1973 it u000 u ita u 013 $a17948 040 $aSeMil$bita 100 1 $aDupont, Jacques,$c.$0(OLS)http://semarc/name/942 240 13$aLa pauvreté évangélique.$0(OLS)http://semarc/title/70118 245 13$aLa povertà evangelica /$cJ. Dupont ... [et al.]. 260 $aBrescia :$bQueriniana,$ccopyr. 1973. 300 $a186 p. ;$c20 cm. 490 0 $aQuaderni di vita religiosa ;$v12 650 4$aPovertà - Concezione cristiana.$0(OLS)http://semarc/subject/5389 830 0$aQuaderni di vita religiosa [Queriniana] ;$v12.$0(OLS)http://semarc/title/17483 850 $aSeMil 852 $aSeMil$W1$xVenegono$y1$m2C II 275$j12933$B12933$CSeMilBibl$Z2$F12933 $81 996 $6245$aLa povertà evangelica$9(OLS)http://semarc/title/70117 996 $6260$aBrescia :$bQueriniana$9(OLS)http://semarc/publisher/29615